000 00434nam a2200157Ia 4500
008 210210b1999 xxu||||| |||| 00| 0 eng d
020 _a81 250 0730 X
082 _a920 PEOA
100 _aPEOPLE WHO HAVE HELPED THE WORLD.
245 _aAlbert Schweitzer. by James Bentley.
260 _aHyderabad
_bOrient Longman
_c1999
300 _a64
650 _aAlbert Schweitzer Musician Doctor
690 _aBiography
906 _aSG03621
999 _c114363
_d114363